Mito y lenguaje

Tratamiento sobre la relación entre el mito y el lenguaje como un contenido esencial dentro del problema del conocimiento humano. Según la tesis de Cassirer, ambos germinan al mismo tiempo en la evolución de la humanidad, pero el lenguaje se ha elevado al nivel de la razón. En este movimiento, el au...

Disgrifiad llawn

Wedi'i Gadw mewn:
Manylion Llyfryddiaeth
Prif Awdur: Cassirer, Ernst
Fformat: Llyfr
Iaith:Undetermined
Cyhoeddwyd: Buenos Aires, Argentina Galatea 1959
Pynciau:
Tagiau: Ychwanegu Tag
Dim Tagiau, Byddwch y cyntaf i dagio'r cofnod hwn!

MARC

LEADER 00000nam a2200000Ia 4500
008 170316s9999 xx 000 0 und d
040 |a cru BVZT 
090 |a 100 C-17m 
100 |a Cassirer, Ernst  |9 1596 
245 |a Mito y lenguaje 
260 |a Buenos Aires, Argentina 
260 |b Galatea 
260 |c 1959 
300 |a 106 páginas 
520 |a Tratamiento sobre la relación entre el mito y el lenguaje como un contenido esencial dentro del problema del conocimiento humano. Según la tesis de Cassirer, ambos germinan al mismo tiempo en la evolución de la humanidad, pero el lenguaje se ha elevado al nivel de la razón. En este movimiento, el autor abre camino para comprender el desarrollo del pensamiento religioso, la palabra mágica y el poder de la metáfora. 
650 |a FILOSOFÍA  |9 5 
999 |c 15862  |d 15862 
942 |c 15 D  |h 100 C-17m  |2 z